Financial Statements (Record no. 586071)

000 -LEADER
fixed length control field 00375nam a22001217a 4500
082 ## - DEWEY DECIMAL CLASSIFICATION NUMBER
Classification number 330
100 ## - MAIN ENTRY--PERSONAL NAME
Personal name State Bank of Pakistan
245 ## - TITLE STATEMENT
Title Financial Statements
Remainder of title analysis of financial sector 2006-07
Statement of responsibility, etc. State Bank of Pakistan
260 ## - PUBLICATION, DISTRIBUTION, ETC.
Place of publication, distribution, etc. Karachi
Name of publisher, distributor, etc. State Bank of Pakistan
Date of publication, distribution, etc. 2007
300 ## - PHYSICAL DESCRIPTION
Extent 263p
942 ## - ADDED ENTRY ELEMENTS (KOHA)
Source of classification or shelving scheme
Koha item type Book
Holdings
Withdrawn status Lost status Source of classification or shelving scheme Damaged status Not for loan Permanent Location Current Location Date acquired Full call number Barcode Date last seen Price effective from Koha item type Public note
          Central Library (CL) Central Library (CL) 08/04/2021 330 SBP S3H-N-1716 08/04/2021 08/04/2021 Reference NBSR-91
© 2023 Central Library, National University of Sciences and Technology. All Rights Reserved.